Textes
Guardat en:
| Format: | Llibre |
|---|---|
| Idioma: | francès |
| Publicat: |
París
Sociales
1966
|
| Matèries: | |
| Etiquetes: |
Afegir etiqueta
Sense etiquetes, Sigues el primer a etiquetar aquest registre!
|
MARC
| LEADER | 00000nam a2200000 a 4500 | ||
|---|---|---|---|
| 001 | UCZ2771 | ||
| 003 | CL-VaPUC | ||
| 005 | 20211019074349.0 | ||
| 008 | 951006e19660000FR |||||||||||||||||fre|d | ||
| 999 | |c 239326 |d 239324 | ||
| 040 | |c Pontificia Universidad Católica de Valparaíso | ||
| 082 | 0 | 4 | |a 335.4 |b MAR |2 21 |
| 245 | 1 | 0 | |a Textes |
| 260 | |a París |b Sociales |c 1966 | ||
| 300 | |a 522 p | ||
| 583 | |a last modification |c 19951006 00:00:00 |k Rodrigo Vera | ||
| 650 | 7 | |a MARXISMO |2 CL-VaPUC |9 346531 | |
| 650 | 7 | |a FILOSOFIA POLITICA |2 CL-VaPUC |9 346532 | |
| 650 | 0 | |a Ciencias Políticas |9 255201 | |
| 650 | 0 | |a Sociología |9 255410 | |
| 650 | 0 | |a Economía |9 255568 | |
| 942 | |c BK |2 ddc | ||
| 945 | |d 19951006 00:00:00 |a lriquelm | ||
| 952 | |0 0 |1 0 |4 0 |6 335_400000000000000_MAR_1966 |7 0 |8 P |9 250391 |a BIBEDU |b BIBEDU |c BIBEDU_PB |d 2019-11-18 |i 1581775 |o 335.4 MAR 1966 |p 1581775 |r 2024-01-25 |w 2019-11-18 |y BK |k FIL | ||